000 00708nam a2200253Ia 4500
003 OSt
005 20220925220517.0
006 a|||||r|||| 00| 0
007 ta
008 220923b |||||||| |||| 00| 0 eng d
037 _cGeneral Book
040 _aRTL
_cRTL
_beng
041 _2eng
_aeng
082 _aU:(G:5), M6
100 _aCook Ceridwen
_9284946
245 0 _aPractical ecology
260 _aLondon
_bMacmillan
_c1986
300 _ax,224p
_ccm.
490 _aDimensions of Science Series
650 _aGeography Irt Ecology
_9238762
700 _a Slingsby David
_9284947
942 _hU:(G:5), M6
_cGB
_2CC
999 _c571691
_d571691